Plus grands quotidiens régionaux en France - Statistiques

Statistiques générales
  • Ce quiz a été pris 60 fois
  • Le résultat moyen est 6 sur 15
Statistiques - réponses
classement tirage quotidien titre du quotidien % Correct
1 634 968 Ouest-France
80%
5 184 555 Le Parisien
74%
3 204 486 La Voix du Nord
66%
15 85 080 La Provence
62%
8 147 836 La Nouvelle République du Centre-Ouest
58%
6 180 989 Le Dauphiné libéré
52%
4 184 580 Le Télégramme
36%
12 110 996 L'Est républicain
34%
14 87 932 Midi libre
34%
2 218 451 Sud Ouest
32%
11 125 824 La Dépêche du Midi
24%
9 145 698 La Montagne
22%
7 159 150 Le Progrès
22%
10 130 921 Dernières Nouvelles d'Alsace
20%
13 89 073 Le Républicain lorrain
16%
Aucun quiz correspondant
Distribution des résultats
% des personnes avec chaque résultat
Percentile par nombre de réponses
Votre historique - résultats
Vous n’avez pas pris ce quiz